David Bowie - David Bowie - Statistics

General Stats
  • This quiz has been taken 4 times
  • The average score is 12 of 14
Answer Stats
% Correct
Love You till Tuesday
100%
Please Mr. Gravedigger
100%
Rubber Band
100%
Sell Me a Coat
100%
Uncle Arthur
100%
We Are Hungry Men
100%
Come and Buy My Toys
75%
Join the Gang
75%
Maid of Bond Street
75%
She's Got Medals
75%
There Is a Happy Land
75%
When I Live My Dream
75%
Little Bombardier
50%
Silly Boy Blue
50%
No matching quizzes found
Score Distribution
Percent of People with Each Score
Percentile by Number Answered
Your Score History
You have not taken this quiz